[Event "Badalona Castella op-B 45th"]
[Site "Badalona"]
[Date "2019.08.05"]
[Round "4.6"]
[White "Romeu Perulles, Jaume"]
[Black "Daimiel Bescos, Eleuterio"]
[Result "1-0"]
[WhiteElo "1813"]
[BlackElo "1856"]
[PlyCount "113"]
[EventDate "2019.08.02"]
[EventType "swiss"]
[EventRounds "9"]
[EventCountry "ESP"]
[SourceTitle "EXT 2024"]
[Source "ChessBase"]
[SourceDate "2023.10.10"]
[SourceVersion "1"]
[SourceVersionDate "2023.10.10"]
[SourceQuality "1"]

1. e4 e5 2. Nf3 Nc6 3. d4 exd4 4. Bc4 Nf6 5. 0-0 Nxe4 6. Re1 d5 7. Bxd5 Qxd5 8. Nc3 Qa5 9. Nxe4 Be6 10. Neg5 0-0-0 11. Nxe6 fxe6 12. Rxe6 Be7 13. a3 Qf5 14. Re1 Rhf8 15. b4 Bf6 16. Qd3 Qh5 17. Bf4 Qg4 18. Bg3 h6 19. Re4 Qf5 20. Rae1 Qd7 21. Nd2 Ne7 22. Nb3 b6 23. a4 Nf5 24. a5 Nxg3 25. hxg3 Qd5 26. axb6 cxb6 27. Ra1 Kb8 28. Rae1 Rd7 29. Re8+ Rxe8 30. Rxe8+ Kb7 31. Nc5+ Kc7 32. Nxd7 Kxd7 33. Re1 a5 34. bxa5 Qxa5 35. Qe4 Qc5 36. Qb7+ Kd6 37. Qe4 Qe5 38. Qxe5+ Bxe5 39. Kf1 Kd5 40. Ke2 Kc4 41. Kd2 Bf6 42. Re4 b5 43. f4 b4 44. Re8 h5 45. Rh8 d3 46. Rc8+ Kd5 47. Kxd3 Ke6 48. Ke4 Bc3 49. Rxc3 bxc3 50. f5+ Kf6 51. Kf4 g5+ 52. fxg6 Kxg6 53. g4 h4 54. g5 Kh5 55. Kf5 h3 56. gxh3 Kh4 57. g6 1-0

[Event "Badalona op-B 42nd"]
[Site "Badalona"]
[Date "2016.08.10"]
[Round "9"]
[White "Daimiel Bescos, Eleuterio"]
[Black "Gonzalez Cominelli, Alejo Gabriel"]
[Result "1/2-1/2"]
[WhiteElo "1927"]
[BlackElo "1858"]
[PlyCount "46"]
[EventDate "2016.08.02"]
[EventType "swiss"]
[EventRounds "9"]
[EventCountry "ESP"]
[SourceTitle "CBM 174 Extra"]
[Source "ChessBase"]
[SourceDate "2016.10.10"]
[SourceVersion "1"]
[SourceVersionDate "2016.10.10"]
[SourceQuality "1"]

1. e4 c6 2. d4 d5 3. e5 Bf5 4. Nf3 e6 5. Be2 c5 6. 0-0 Nd7 7. c3 Ne7 8. Na3 a6 9. Nc2 Nc6 10. a3 Qb6 11. Ne3 Bg6 12. b4 c4 13. Nh4 Be7 14. Nxg6 hxg6 15. a4 f6 16. f4 f5 17. Bd2 Kf7 18. Bf3 Nxd4 19. cxd4 Qxd4 20. Kh1 Qxf4 21. Ng4 Qd4 22. Qc2 Rh4 23. Bc3 Qb6 1/2-1/2

[Event "Sant Adria de Besos op 12th"]
[Site "Sant Adria de Besos"]
[Date "2016.04.10"]
[Round "1"]
[White "Daimiel Bescos, Eleuterio"]
[Black "Febrero Perez, Lluis"]
[Result "1-0"]
[WhiteElo "2112"]
[BlackElo "1761"]
[PlyCount "35"]
[EventDate "2016.04.10"]
[EventType "swiss"]
[EventRounds "9"]
[EventCountry "ESP"]
[SourceTitle "EXT 2017"]
[Source "ChessBase"]
[SourceDate "2016.10.25"]
[SourceVersion "1"]
[SourceVersionDate "2016.10.25"]
[SourceQuality "1"]

1. e4 e5 2. Nf3 Nc6 3. Bc4 Be7 4. d4 exd4 5. Nxd4 Ne5 6. Bb3 Nf6 7. Nc3 Bb4 8. 0-0 Bxc3 9. bxc3 0-0 10. f4 Ng6 11. Ba3 d6 12. e5 Bg4 13. Qd3 Nh5 14. Qe4 Re8 15. Qxb7 Nhxf4 16. exd6 Qg5 17. g3 Ne5 18. Rxf4 1-0

[Event "Sant Adria de Besos op 11th"]
[Site "Sant Adria de Besos"]
[Date "2015.05.10"]
[Round "3.6"]
[White "Daimiel Bescos, Eleuterio"]
[Black "Sanchez Artigas, Antoni"]
[Result "1/2-1/2"]
[WhiteElo "2099"]
[BlackElo "1936"]
[PlyCount "88"]
[EventDate "2015.04.12"]
[EventType "swiss"]
[EventRounds "9"]
[EventCountry "ESP"]
[SourceTitle "EXT 2024"]
[Source "ChessBase"]
[SourceDate "2023.10.10"]
[SourceVersion "1"]
[SourceVersionDate "2023.10.10"]
[SourceQuality "1"]

1. e4 d6 2. d4 c6 3. f4 Qa5+ 4. c3 e5 5. Nd2 Nf6 6. Bd3 Qc7 7. fxe5 dxe5 8. Ngf3 Bg4 9. 0-0 Nbd7 10. Qb3 Be6 11. Qc2 h6 12. Nc4 exd4 13. cxd4 Be7 14. Be3 0-0 15. Nfe5 Bxc4 16. Nxc4 b5 17. Bf4 Qd8 18. Nd6 Qb6 19. Nf5 Rfe8 20. Qf2 Nf8 21. e5 Nd5 22. Bd2 Bg5 23. Bxg5 hxg5 24. Nd6 Re7 25. Nxf7 Nf4 26. Bc2 Rxf7 27. Bb3 Qc7 28. Bxf7+ Qxf7 29. Kh1 Qd5 30. b3 N8g6 31. Qf3 Qe6 32. g3 Nd5 33. Qf5 Qxf5 34. Rxf5 g4 35. Rg5 Nge7 36. Rxg4 Rf8 37. Kg1 Rf3 38. Re4 Rd3 39. g4 Rd2 40. h4 a5 41. Kf1 Rb2 42. h5 Rh2 43. Kg1 Rd2 44. Kf1 Rh2 1/2-1/2

[Event "Barcelona Sant Marti op 05th"]
[Site "Barcelona"]
[Date "2003.06.21"]
[Round "9.9"]
[White "Daimiel Bescos, Eleuterio"]
[Black "Calvet, Ramon"]
[Result "1-0"]
[WhiteElo "2080"]
[BlackElo "1720"]
[PlyCount "63"]
[EventDate "2003.04.26"]
[EventType "swiss"]
[EventRounds "9"]
[EventCountry "ESP"]
[SourceTitle "EXT 2004"]
[Source "ChessBase"]
[SourceDate "2003.11.25"]
[SourceVersion "1"]
[SourceVersionDate "2003.11.25"]
[SourceQuality "1"]

1. e4 e5 2. Nf3 d6 3. Bc4 Nc6 4. c3 h6 5. Qb3 Qe7 6. d3 Nf6 7. 0-0 Nd7 8. Qd1 Na5 9. Bb5 a6 10. Ba4 b5 11. Bc2 Nf6 12. Be3 Bg4 13. Nbd2 Qd7 14. a4 bxa4 15. Bxa4 c6 16. Qc2 Be7 17. d4 0-0 18. dxe5 Bxf3 19. exf6 Qg4 20. Nxf3 Bxf6 21. Qd3 Be7 22. b4 Nb7 23. Bxc6 Rab8 24. Rxa6 Nd8 25. Bd5 Ne6 26. e5 dxe5 27. Nxe5 Qh5 28. Nxf7 Rxf7 29. Bxe6 Rd8 30. Qc4 Rdf8 31. Ra7 Bd6 32. g3 1-0

[Event "Barcelona Sant Marti op 05th"]
[Site "Barcelona"]
[Date "2003.05.31"]
[Round "6.11"]
[White "Avila, Daniel"]
[Black "Daimiel Bescos, Eleuterio"]
[Result "0-1"]
[WhiteElo "1945"]
[BlackElo "2080"]
[PlyCount "44"]
[EventDate "2003.04.26"]
[EventType "swiss"]
[EventRounds "9"]
[EventCountry "ESP"]
[SourceTitle "EXT 2004"]
[Source "ChessBase"]
[SourceDate "2003.11.25"]
[SourceVersion "1"]
[SourceVersionDate "2003.11.25"]
[SourceQuality "1"]

1. e4 e5 2. Nf3 Nc6 3. Bb5 a6 4. Ba4 Nf6 5. 0-0 Be7 6. Re1 b5 7. Bb3 0-0 8. c3 d5 9. exd5 Nxd5 10. Nxe5 Nxe5 11. Rxe5 c6 12. d4 Bd6 13. Re2 Qh4 14. g3 Qh5 15. Qe1 Bg4 16. Re4 f5 17. Bxd5+ cxd5 18. Rxg4 Rae8 19. Rxg7+ Kxg7 20. Qf1 f4 21. Bd2 fxg3 22. hxg3 Bxg3 0-1

[Event "Barcelona Sant Marti op 05th"]
[Site "Barcelona"]
[Date "2003.05.03"]
[Round "2.8"]
[White "Gonzalez, Javier"]
[Black "Daimiel Bescos, Eleuterio"]
[Result "0-1"]
[WhiteElo "1955"]
[BlackElo "2080"]
[PlyCount "78"]
[EventDate "2003.04.26"]
[EventType "swiss"]
[EventRounds "9"]
[EventCountry "ESP"]
[SourceTitle "EXT 2004"]
[Source "ChessBase"]
[SourceDate "2003.11.25"]
[SourceVersion "1"]
[SourceVersionDate "2003.11.25"]
[SourceQuality "1"]

1. d4 d5 2. c4 e6 3. Nc3 c6 4. Nf3 dxc4 5. a4 Bb4 6. Bd2 a5 7. g3 b5 8. Bg2 Bb7 9. 0-0 Qb6 10. Ne4 Be7 11. Bf4 Nf6 12. Nd6+ Bxd6 13. Bxd6 Qd8 14. Bxb8 Rxb8 15. Ne5 Qb6 16. Qd2 0-0 17. axb5 cxb5 18. Bxb7 Rxb7 19. Rxa5 Ne4 20. Qb4 f6 21. Nf3 e5 22. e3 exd4 23. Nxd4 Qd6 24. Qxd6 Nxd6 25. Ra6 Ne4 26. f3 Nc5 27. Ra5 Rfb8 28. Nc6 Re8 29. Kg2 Rb6 30. Nd4 Rxe3 31. Rxb5 Rxb5 32. Nxb5 Rb3 33. Nd6 Rxb2+ 34. Kh3 c3 35. Ra1 h5 36. Ra8+ Kh7 37. Rc8 Ne6 38. f4 g5 39. fxg5 Nxg5+ 0-1

[Event "UGA Inverno op"]
[Site "Barcelona"]
[Date "2002.??.??"]
[Round "2"]
[White "Daimiel Bescos, Eleuterio"]
[Black "Nunez Portabales, Maximino"]
[Result "1-0"]
[WhiteElo "2060"]
[BlackElo "1930"]
[PlyCount "31"]
[EventDate "2002.01.21"]
[EventType "swiss"]
[EventRounds "7"]
[EventCountry "ESP"]
[SourceTitle "EXT 2003"]
[Source "ChessBase"]
[SourceDate "2002.11.25"]
[SourceVersion "1"]
[SourceVersionDate "2002.11.25"]
[SourceQuality "1"]

1. e4 c5 2. Nf3 d6 3. c3 Nf6 4. Bb5+ Bd7 5. Qe2 Nc6 6. d4 cxd4 7. cxd4 e6 8. Nc3 a6 9. Ba4 Qc7 10. Bf4 Nxd4 11. Bxd7+ Nxd7 12. Nxd4 e5 13. Nd5 Qd8 14. Bg5 Qxg5 15. Nc7+ Kd8 16. Nce6+ 1-0

[Event "Catalunya-chB"]
[Site "Spain"]
[Date "1996.11.24"]
[Round "8"]
[White "Daimiel Bescos, Eleuterio"]
[Black "Heredia Tarrats, Moises"]
[Result "1-0"]
[WhiteElo "1990"]
[BlackElo "2035"]
[PlyCount "81"]
[EventDate "1997.??.??"]
[EventType "swiss"]
[EventRounds "8"]
[EventCountry "ESP"]
[SourceTitle "EXT 2003"]
[Source "ChessBase"]
[SourceDate "2002.11.25"]
[SourceVersion "1"]
[SourceVersionDate "2002.11.25"]
[SourceQuality "1"]

1. e4 Nf6 2. e5 Nd5 3. c4 Nb6 4. d4 d6 5. f4 dxe5 6. fxe5 Nc6 7. Be3 Bf5 8. Nc3 e6 9. Be2 Be7 10. Nf3 0-0 11. 0-0 f6 12. a3 fxe5 13. Nxe5 Nxe5 14. dxe5 Nd7 15. Bf4 Bc5+ 16. Kh1 c6 17. Na4 Qe7 18. b4 Bb6 19. Nxb6 Nxb6 20. Qd6 Nc8 21. Qxe7 Nxe7 22. Rad1 Ng6 23. Bg3 Rad8 24. Rd6 Bg4 25. Bd3 Rxf1+ 26. Bxf1 Rf8 27. Kg1 h5 28. h3 Bf5 29. Be2 h4 30. Bh2 a6 31. Bh5 Kh7 32. Rd7 Rb8 33. Kf2 Kh6 34. Bf3 Nf8 35. Rd6 g5 36. Ke3 Kg6 37. Kd4 Kf7 38. Bg1 Ke7 39. Be3 Nh7 40. Kc5 Rd8 41. Kb6 1-0

[Event "Catalunya-chB"]
[Site "Spain"]
[Date "1996.10.27"]
[Round "4"]
[White "Daimiel Bescos, Eleuterio"]
[Black "Moranta Miro, Antoni"]
[Result "0-1"]
[WhiteElo "1990"]
[BlackElo "2030"]
[PlyCount "134"]
[EventDate "1997.??.??"]
[EventType "swiss"]
[EventRounds "8"]
[EventCountry "ESP"]
[SourceTitle "EXT 2003"]
[Source "ChessBase"]
[SourceDate "2002.11.25"]
[SourceVersion "1"]
[SourceVersionDate "2002.11.25"]
[SourceQuality "1"]

1. e4 c5 2. Nf3 Nc6 3. Bc4 g6 4. c3 Bg7 5. Bb3 d6 6. d4 cxd4 7. cxd4 e6 8. Nc3 Nge7 9. 0-0 0-0 10. Be3 Na5 11. Bc2 Nc4 12. Bc1 Qa5 13. Qd3 d5 14. Nd2 Nxd2 15. Bxd2 Qb6 16. e5 Nc6 17. Ne2 Bd7 18. Be3 Rac8 19. a3 Na5 20. b4 Nc4 21. Bg5 Rfe8 22. Bf6 a6 23. h4 Bb5 24. Bxg7 Kxg7 25. h5 Nb2 26. Qd2 Bxe2 27. h6+ Kg8 28. Qxe2 Qxd4 29. Rac1 Nc4 30. a4 Qxe5 31. Qxe5 Nxe5 32. f3 Rc4 33. b5 Rec8 34. Rce1 Nxf3+ 35. Rxf3 Rxc2 36. bxa6 bxa6 37. Rb1 Rc1+ 38. Rf1 R1c4 39. Rb7 R4c7 40. Rb6 Rc6 41. Rb7 f5 42. Rg7+ Kh8 43. Ra7 Rb8 44. Kh2 e5 45. Rb1 Rcc8 46. Rxb8 Rxb8 47. Rxa6 d4 48. Rd6 Kg8 49. Rd5 Re8 50. Kg1 Kf7 51. a5 Ke6 52. Rb5 d3 53. Kf2 e4 54. a6 d2 55. Ke2 Rd8 56. Rb1 f4 57. a7 e3 58. Ra1 Ra8 59. g3 g5 60. g4 Kd6 61. Ra5 Kc6 62. Kd1 Kb6 63. Rxg5 Rxa7 64. Rd5 f3 65. g5 Ra1+ 66. Kc2 f2 67. g6 f1Q 0-1